| 000 | 00000nam 2200000zi 4500 |
| 001 | 9.915461 |
| 003 | CaOODSP |
| 005 | 20241119144824 |
| 006 | m o d f |
| 007 | cr mn||||||||| |
| 008 | 220915t20232023quca ob f000 0 fre d |
| 020 | |a9780660454993 |
| 040 | |aCaOODSP|bfre|erda|cCaOODSP |
| 043 | |an-cn--- |
| 086 | 1 |aEn14-495/3-2022F-PDF |
| 245 | 00|aLétalité aiguë. |
| 250 | |a[Édition 2023]. |
| 264 | 1|a[Gatineau, Québec] : |bEnvironnement et changement climatique Canada = Environment and Climate Change Canada, |c[2023] |
| 264 | 4|c©2023 |
| 300 | |a1 ressource en ligne (4 pages) : |billustrations en couleur |
| 336 | |atexte|btxt|2rdacontent/fre |
| 337 | |ainformatique|bc|2rdamedia/fre |
| 338 | |aressource en ligne|bcr|2rdacarrier/fre |
| 500 | |aPublié aussi en anglais sous le titre : Acute lethality. |
| 500 | |aEn tête du titre : L'effluenceur, vol. 7, Règlement sur les effluents des systèmes d'assainissement des eaux usées. |
| 500 | |a« EC22089 » -- Page 4. |
| 504 | |aComprend des références bibliographiques. |
| 650 | 6|aEaux usées|xQualité|zCanada|xEssais. |
| 650 | 6|aToxicité aiguë|zCanada. |
| 650 | 6|aÉgouts|xDroit|zCanada. |
| 650 | 6|aEaux usées|xÉvacuation dans les cours d'eau, lacs, etc.|xDroit|zCanada. |
| 650 | 6|aEaux usées|xÉvacuation dans la mer|xDroit|zCanada. |
| 710 | 1 |aCanada. |bEnvironnement et changement climatique Canada, |eorganisme de publication. |
| 775 | 08|tAcute lethality.|w(CaOODSP)9.915460 |
| 794 | |tLétalité aiguë.|w(CaOODSP)9.937520 |
| 856 | 40|qPDF|s1.38 Mo|uhttps://publications.gc.ca/collections/collection_2024/eccc/En14-495-3-2022-fra.pdf |
| 856 | 4 |qHTML|sS.O.|uhttps://www.canada.ca/fr/environnement-changement-climatique/services/eaux-usees/reglement-effluent-systemes-rapport/apercu/letalite-aigue.html |
| 986 | |aEC22089 |